|
|
|
|
| LEADER |
01243nam a2200313 a 4500 |
| 001 |
000349214 |
| 003 |
CZ BrMZK |
| 005 |
20070502111547.0 |
| 007 |
ta |
| 008 |
980115s1997 xr f cze d |
| 015 |
|
|
|a cnb000212993
|
| 020 |
|
|
|a 80-901988-5-6
|
| 035 |
|
|
|a (OCoLC)38972120
|
| 040 |
|
|
|a BOA001
|b cze
|
| 041 |
1 |
|
|a cze
|a ger
|
| 080 |
|
|
|a 803.0(075)
|2 MRF
|
| 100 |
1 |
|
|a Kolečková, Olga,
|d 1958-
|7 mzk2003181721
|4 aut
|
| 245 |
1 |
0 |
|a Vazby německých sloves s podstatnými jmény :
|b výklad - příklady - cvičení /
|c Olga Kolečková, Thomas Haupenthal
|
| 250 |
|
|
|a Vyd. 1.
|
| 260 |
|
|
|a Praha :
|b Polyglot,
|c 1997
|
| 300 |
|
|
|a 182 s. ;
|c 24 cm
|
| 653 |
0 |
|
|a německá slovesa
|a němčina
|a podstatná jména
|
| 700 |
1 |
|
|a Haupenthal, Thomas,
|d 1959-
|7 mzk2003181722
|4 aut
|
| 910 |
|
|
|a BOA001
|b 2-1049.394
|b PK-0129.801
|
| 964 |
|
|
|a Němčina
|x slovesa
|x jména podstatná
|x vazby
|x učebnice
|
| 990 |
|
|
|a BK
|
| 996 |
7 |
|
|b 2610077606
|c 2-1049.394
|l MZK
|r Sklad / do 1 hodiny
|n 15
|p p.v.
|w 000349214
|u 000010
|a 1
|e BOA001
|j MZK50
|s A
|
| 996 |
6 |
|
|b 2610091446
|c 2-1049.394
|l MZK
|r Sklad / do 1 hodiny
|n 34
|p p.v.
|w 000349214
|u 000020
|a 1
|e BOA001
|j MZK50
|s P
|
| 996 |
7 |
|
|b 2610395295
|c 2-1049.394
|l MZK
|r Sklad / do 1 hodiny
|n 2
|w 000349214
|u 000040
|a 1
|e BOA001
|j MZK50
|s A
|